000 00244nam a2200109Ia 4500
008 220204s9999 xx 000 0 und d
082 _a633.61
_bFER
245 0 _aSugarcane
260 _aNew Delhi
_bFAI
_c1981
650 _aSugarcane
942 _cBK
999 _c39520
_d39520